Surveying research on Parliament and Parliamentary oversight of the public sector (Record no. 65405)

000 -LEADER
fixed length control field 00764pab a2200169 454500
008 - FIXED-LENGTH DATA ELEMENTS--GENERAL INFORMATION
fixed length control field 180718b2005 xxu||||| |||| 00| 0 eng d
100 ## - MAIN ENTRY--PERSONAL NAME
Personal name Lewis, Colleen
245 ## - TITLE STATEMENT
Title Surveying research on Parliament and Parliamentary oversight of the public sector
260 ## - PUBLICATION, DISTRIBUTION, ETC.
Date of publication, distribution, etc. 2005
300 ## - PHYSICAL DESCRIPTION
Extent p.62-67.
362 ## - DATES OF PUBLICATION AND/OR SEQUENTIAL DESIGNATION
Dates of publication and/or sequential designation Mar
520 ## - SUMMARY, ETC.
Summary, etc. This presentation begins by offering a brief overview of the existing research into Parliament and Parliamentary Oversight of the Public Sector. It highlights the work of those who are experts in the area and concludes by identifying areas which would benefit from further research. - Reproduced.
650 ## - SUBJECT ADDED ENTRY--TOPICAL TERM
Topical term or geographic name entry element Public administration
700 ## - ADDED ENTRY--PERSONAL NAME
Personal name Coghill, Ken
773 ## - HOST ITEM ENTRY
Main entry heading Australian Journal of Public Administration
909 ## -
-- 65405
Holdings
Withdrawn status Lost status Damaged status Not for loan Permanent Location Current Location Date acquired Serial Enumeration / chronology Barcode Date last seen Price effective from Koha item type
        Indian Institute of Public Administration Indian Institute of Public Administration 2018-07-19 Volume no: 64, Issue no: 1 AR65857 2018-07-19 2018-07-19 Articles

Powered by Koha